Totalité et infini. Essai sur l’exteriorite.

Guardat en:
Dades bibliogràfiques
Autor principal: Levinas, Emmanuel
Format: Desconegut
Idioma:anglès
Publicat: The Hague, The Netherlands: Martinus Nijhoff Publishers, 1971
Edició:Quatrième édition.
Matèries:
Etiquetes: Afegir etiqueta
Sense etiquetes, Sigues el primer a etiquetar aquest registre!

MARC

LEADER 00000 a2200000 4500
003 CL-VaPUC
005 20240820103306.0
008 220404b1971 ||||| |||| 00| 0 eng d
999 |c 434089  |d 434087 
020 |a 978-9024729715 
040 |c Pontificia Universidad Católica de Valparaíso 
082 7 |a 128 LEV 1971  |2 22 
100 1 |a Levinas, Emmanuel.   |9 864470 
245 1 |a Totalité et infini.   |b Essai sur l’exteriorite. 
250 |a Quatrième édition.  
260 |a The Hague, The Netherlands:   |b Martinus Nijhoff Publishers,   |c 1971 
583 |k Cristina María Rojas Aguilar  |c 20220404 
650 0 |a Fenomenología  |9 256519 
650 0 |a Infinito  |9 312136 
942 |2 ddc  |c BK 
952 |0 0  |1 0  |2 ddc  |4 0  |6 128_000000000000000_LEV_1971  |7 0  |8 A  |9 582403  |a BIBEDU  |b BIBEDU  |c GEN  |d 2022-04-04  |e 74  |g 62636.00  |i 5650542  |l 1  |o 128 LEV 1971  |p 5650542  |r 2024-11-15  |s 2024-11-08  |t 1  |v 62636.00  |w 2022-04-04  |y BK  |k FIL